ՀՀ Գիտությունների ազգային ակադեմիայի հիմնարար գիտական գրադարան  =   Fundamental Scientific Library of NAS RA

Neue Anthropologie fur Aerzte und Weltweise. : (Record no. 312613)

MARC details
000 -LEADER
fixed length control field 00629cam a2200181u 4500
001 - CONTROL NUMBER
control field 000898759
003 - CONTROL NUMBER IDENTIFIER
control field AM-YeHGA
005 - DATE AND TIME OF LATEST TRANSACTION
control field 20250617145453.0
008 - FIXED-LENGTH DATA ELEMENTS--GENERAL INFORMATION
fixed length control field 860227s1790 gw a 000 0 ger d
040 ## - CATALOGING SOURCE
Original cataloging agency AM-YeHGA
090 ## - LOCALLY ASSIGNED LC-TYPE CALL NUMBER (OCLC); LOCAL CALL NUMBER (RLIN)
-- 314331
100 1# - MAIN ENTRY--PERSONAL NAME
Personal name Platner, Ernst,
Dates associated with a name 1744-1818.
240 00 - UNIFORM TITLE
Uniform title Anthroplogie fur Aerzte und Weltweise.
245 10 - TITLE STATEMENT
Title Neue Anthropologie fur Aerzte und Weltweise. :
Remainder of title Mit besonderer Rucksicht auf Physiologie, Pathologie, Moralphilosophie und Aesthetik /
Statement of responsibility, etc. Ernst Platner.
260 ## - PUBLICATION, DISTRIBUTION, ETC.
Place of publication, distribution, etc. Leipzig :
Name of publisher, distributor, etc. S. L. Crusius,
Date of publication, distribution, etc. 1790.
300 ## - PHYSICAL DESCRIPTION
Extent 664 p. ;
Dimensions 21 cm.
650 #0 - SUBJECT ADDED ENTRY--TOPICAL TERM
Topical term or geographic name entry element Anthropology
Form subdivision Early works to 1870.
Holdings
Withdrawn status Lost status Source of classification or shelving scheme Damaged status Not for loan Collection Home library Current library Date acquired Total checkouts Full call number Barcode Date last seen Price effective from Koha item type Public note
    Universal Decimal Classification     Rare Books Collection Fundamental Scientific Library Fundamental Scientific Library 09/01/2017   И II/114890 FL0223197 09/01/2017 09/01/2017 Գրքեր / Books ILL Non-Circ.


ՀՀ ԳԱԱ հիմնարար գիտական գրադարան
ՀՀ,Երևան 0019
Մարշալ Բաղրամյան 24/6
հեռախոս:(374-10) 52-47-50
Հետադարձ կապ

All site content, except where otherwise noted, is licensed under a
Creative Commons License